| 000 | 00000nam 2200000zi 4500 |
| 001 | 9.938565 |
| 003 | CaOODSP |
| 005 | 20250108071703 |
| 006 | m o d f |
| 007 | cr mn||||||||| |
| 008 | 240523e198002##onca obs f000 0 eng d |
| 040 | |aCaOODSP|beng|erda|cCaOODSP |
| 043 | |an-cn--- |
| 045 | |ax6x7 |
| 086 | 1 |aId40-12/1980E-PDF |
| 245 | 02|aA sector analysis of the health care products industry in Canada. |
| 264 | 1|aOttawa, Canada : |bSector Analysis Division, Chemicals Branch, Department of Industry, Trade and Commerce, |cFebruary 1980. |
| 300 | |a1 online resource (2, 47 pages) : |billustration |
| 336 | |atext|btxt|2rdacontent |
| 337 | |acomputer|bc|2rdamedia |
| 338 | |aonline resource|bcr|2rdacarrier |
| 500 | |aIssued also in French under title: Analyse sectorielle de l'industrie des produits d'hygiène au Canada. |
| 500 | |a"Discussion paper"--Cover. |
| 500 | |aDigitized edition from print [produced by Innovation, Science and Economic Development Canada]. |
| 504 | |aIncludes bibliographical references. |
| 650 | 0|aPharmaceutical industry|zCanada. |
| 650 | 0|aMedical instruments and apparatus industry|zCanada. |
| 650 | 0|aPharmaceutical industry|zCanada|vStatistics. |
| 650 | 0|aMedical instruments and apparatus industry|zCanada|vStatistics. |
| 655 | 7|aStatistics|2lcgft |
| 710 | 1 |aCanada. |bIndustry, Trade and Commerce. |bChemicals Branch. |bSector Analysis Division, |eissuing body. |
| 775 | 08|tAnalyse sectorielle de l'industrie des produits d'hygiène au Canada.|w(CaOODSP)9.946594 |
| 856 | 40|qPDF|s1.06 MB|uhttps://publications.gc.ca/collections/collection_2025/isde-ised/Id40-12-1980-eng.pdf |